banner-ar

مناهج البحث العلمى وتطبيقاتها بالتخصصات النوعية لكتابة الابحاث العلمية ورسائلها : (Record no. 66897)

MARC details
000 -الفاتح
حقل البيانات ثابتة الطول 01104nam a2200241Ia 4500
005 - وقت وتاريخ اخر تعامل مع التسجيلة
رقم الضبط 20240530110945.0
008 - عناصر البيانات ثابتة الطول - معلومات عامة
حقل البيانات ثابتة الطول 140319s2021 ua a g 000 0 ara d
017 ## - رقم الايداع القانونى
المصدر ( الهيئة المختصة) مصر. دار الكتب
رقم الايداع القانونى 2020/20516
020 ## - الرقم الدولى المعيارى للكتب
الرقم الدولى المعيارى للكتاب 9789776752580
040 ## - مصدر الفهرسة
وكالة الفهرسة الأصلية GCL /
وكالة النسخ GCL
082 04 - رقم تصنيف ديوى العشرى
رقم الطبعة 21
رقم التصنيف 001.42
رقم المادة ع م
100 0# - المدخل الرئيسى - إسم شخصى
الإسم الشخصى عاطف المعيطى
245 10 - بيان العنوان
العنوان مناهج البحث العلمى وتطبيقاتها بالتخصصات النوعية لكتابة الابحاث العلمية ورسائلها :
بقية العنوان الفنون التطبيقية - الفنون الجميلة - التربية النوعية - التربية الفنية - التربية الموسيقية - التربية الرياضية /
بيان المسئوليه,etc عاطف المعيطى
250 ## - بيان الطبعة
بيان الطبعة ط. 1
260 ## - PUBLICATION, DISTRIBUTION, ETC. (IMPRINT)
تاريخ النشر أو التوزيع 2021.
300 ## - الوصف المادى
التعداد 222 ص. :
تفاصيل ماديه اخرى للوعاء ايض ؛
أبعاد الوعاء 24 سم.
650 07 - المدخل الاضافى بالموضوع-مصطلح موضوعى
مصطلح موضوعي البحث
650 07 - المدخل الاضافى بالموضوع-مصطلح موضوعى
مصطلح موضوعي البحث العلمى
650 07 - المدخل الاضافى بالموضوع-مصطلح موضوعى
مصطلح موضوعي مناهج البحث
650 07 - المدخل الاضافى بالموضوع-مصطلح موضوعى
مصطلح موضوعي طرق البحث
942 ## - عناصر المدخل الإضافي( كوها)
مصدر التصنيف او مخطط الترفيف Dewey Decimal Classification
Koha [default] item type كتاب
260 ## - PUBLICATION, DISTRIBUTION, ETC. (IMPRINT)
-- القاهرة :
-- روابط للنشر وتقنية المعلومات،
Holdings
حالة التراجع حالة الفقد حالة تلف ليس للاعارة المكان المؤقت الموقع الحالى موقع الترفيف تاريخ الاكتساب اجمالي اﻻعارات رقم الطلب الباركود تاريخ اخر مشاهدة تاريخ تفعيل السعر نوع وعاء كوها
        مكتبة القاهرة الكبرى مكتبة القاهرة الكبرى   11/22/2022   001.42 ع م 168876 11/22/2022 11/22/2022 كتاب

Powered By

EGPV